| 000 | 00373nam a2200157Ia 4500 | ||
|---|---|---|---|
| 008 | 230917s9999||||xx |||||||||||||| ||und|| | ||
| 040 |
_e77759 _aMAIN |
||
| 041 | _aEnglish | ||
| 082 | _a342 U1A | ||
| 100 | _aUpadhayay, J J R | ||
| 245 | 0 | _aAdministrative law | |
| 250 | _a2nd ed. | ||
| 260 |
_aAllahabad _bCentral Law _c1997 |
||
| 300 | _axxxiii, 432 p. | ||
| 942 | _cBK | ||
| 999 |
_c100411 _d100411 |
||